Loading...
| Fine Arts - Auditory Fine Arts | 7 | 14.29 | 86% | 57% | 0% |
| Fine Arts - Other Fine Arts | 8 | 13.75 | 100% | 38% | 0% |
| Fine Arts - Visual Fine Arts | 5 | 12.00 | 100% | 20% | 0% |
| History - American History | 5 | 12.00 | 100% | 20% | 0% |
| History - European History | 6 | 13.33 | 100% | 33% | 0% |
| History - Other History | 3 | 13.33 | 100% | 33% | 0% |
| History - World History | 2 | 25.00 | 100% | 50% | 100% |
| Literature - American Literature | 5 | 14.00 | 100% | 40% | 0% |
| Literature - British Literature | 6 | 16.67 | 100% | 50% | 17% |
| Literature - European Literature | 3 | 20.00 | 100% | 100% | 0% |
| Literature - World Literature | 5 | 16.00 | 100% | 40% | 20% |
| Mythology | 6 | 13.33 | 83% | 50% | 0% |
| Other Academic | 2 | 10.00 | 100% | 0% | 0% |
| Philosophy | 5 | 16.00 | 100% | 40% | 20% |
| Pop Culture | 4 | 15.00 | 75% | 50% | 25% |
| Popular Culture | 1 | 10.00 | 100% | 0% | 0% |
| Religion | 5 | 10.00 | 100% | 0% | 0% |
| Science - Biology | 6 | 13.33 | 100% | 33% | 0% |
| Science - Chemistry | 4 | 12.50 | 100% | 25% | 0% |
| Science - Other Science | 6 | 15.00 | 100% | 33% | 17% |
| Science - Physics | 5 | 10.00 | 100% | 0% | 0% |
| Social Science | 3 | 10.00 | 100% | 0% | 0% |